000 00275 a2200121 4500
001 146903
040 _cEscola São Tomás de Aquino
100 _aBANDEIRA, Pedro
240 1 0 _aO patinho feio
_lpor
245 1 0 _aO patinho feio
697 _a*LITERATURA INFANTO
942 _cBK
999 _c146903
_d146903